000 00815nam a2200253Ia 4500
003 OSt
005 20220930185243.0
006 a|||||r|||| 00| 0
007 ta
008 220926b |||||||| |||| 00| 0 eng d
020 _a0415445434 (hbk)
_c795
024 _a1166
037 _b0028, 22/12/2008, Independent Publishers Group
_cTextbook
040 _aCRL
_cCRL
_beng
041 _2eng
_aeng
082 _aY13:(X958).49G, P8
100 _aRajan S. Irudaya Ed.
245 0 _aSocial security for the elderly
_b Experiences from South Asia
260 _aLondon
_bRoutledge Taylor UK
_c2008
300 _axvi,390p.
_ccm.
650 _aSOCIOLOGY
942 _hY13:(X958).49G, P8
_cTB
_2CC
999 _c889829
_d889829